| 000 | 00642pam a2200193 a 4500 | ||
|---|---|---|---|
| 020 | _a0471575453 (acidfree paper) : | ||
| 040 | _cDLC | ||
| 082 | 0 | 0 | _a363 J.W 1993 A011 Or. |
| 100 | 1 | _aSetterberg, Fred. | |
| 245 | 1 | 0 |
_aToxic nation : _bthe fight to save our communities from chemical contamination / |
| 260 |
_aNew York : _bJ. Wiley, _cc1993. |
||
| 300 |
_axiii, 301 p. : _bill. ; _c25 cm. |
||
| 650 | 0 | _aEnvironmental health | |
| 650 | 0 | _aPollution | |
| 700 | 1 | _aShavelson, Lonny. | |
| 856 | 4 | 2 | _uhttp://www.loc.gov/catdir/description/wiley032/93008010.html |
| 856 | 4 | _uhttp://www.loc.gov/catdir/toc/onix02/93008010.html | |
| 942 | _cEK | ||
| 999 |
_c13594 _d13594 |
||